| 000 | 01107nam a22003017a 4500 | ||
|---|---|---|---|
| 001 | 7400 | ||
| 003 | FISKH | ||
| 005 | 20250711155102.0 | ||
| 008 | 250711b cb ||||| |||| 00| 0 eng d | ||
| 020 | _a9780064410144 | ||
| 040 |
_aFISKH _beng _cFISKH _dFISKH |
||
| 050 | _aPZ7.S6795 G | ||
| 082 | _a813.6 | ||
| 100 | _aSnicket, Lemony | ||
| 245 |
_aThe Grim Grotto / _cby Lemony Snicket : Illustrated by Brett Helquist |
||
| 250 | _aFirst Edition | ||
| 260 |
_aNew York : _bHarper Collins Publishers , _c2004. |
||
| 300 |
_a323 pages : _billustrations ; _c19 cm . |
||
| 490 |
_aA Series of Unfortunate Events _vBook 11 |
||
| 505 | _aZ | ||
| 520 | _aStill pursued by the evil Count Olaf, the Baudelaire orphans attempt to reach a very important VFD meeting, but first they must travel in a rattletrap submarine to the Gorgonian Grotto, a dangerous underwater cave, in search of the sugar bowl. | ||
| 521 | 8 |
_a1040
_bLexile |
|
| 521 | 8 |
_aZ
_bRaz-Plus |
|
| 650 |
_aDark humor _vChildren's Fiction |
||
| 700 |
_aHelquist, Brett _eIllustrated |
||
| 942 |
_2ddc _cBK _n0 |
||
| 999 |
_c7400 _d7400 |
||